Russian National Social Security System as the Condition of Pensioners’ Well-Being; The European Proceedings of Social & Behavioural Sciences (EpSBS); Vol. 7 : Lifelong Wellbeing in the World (WELLSO 2015)

מידע ביבליוגרפי
Parent link:The European Proceedings of Social & Behavioural Sciences (EpSBS)
Vol. 7 : Lifelong Wellbeing in the World (WELLSO 2015).— 2016.— [P. 215-226]
מחבר תאגידי: Национальный исследовательский Томский политехнический университет (ТПУ) Институт социально-гуманитарных технологий (ИСГТ) Кафедра инженерного предпринимательства (ИП)
מחברים אחרים: Eremina (Eriomina) S. L. Sofia Leonidovna, Fu Sun, Kudelina O. V., Babaeva F. G.
סיכום:Title screen
Pensioners’ well-being depends on many factors. It can be provided with the state, family, and pensioners themselves. It can be tangible and intangible. This research is limited with the following frames: only material well-being, only governmental support, 8 federal districts of the Russian Federation, the exploration period is 6 years: 2006-2011. The evaluation of 6 activities by MinMax Method, including three cash ones and three "non-cash" ones, allowed to prove empirically the hypothesis that social support of pensioners living in various federal districts of the Russian Federation is significantly different. Leveling out of these differences should be a crucial way to perfect/improve pensioners’ social support.
Режим доступа: по договору с организацией-держателем ресурса
שפה:אנגלית
יצא לאור: 2016
נושאים:
גישה מקוונת:http://dx.doi.org/10.15405/epsbs.2016.02.30
http://earchive.tpu.ru/handle/11683/33311
פורמט: אלקטרוני Book Chapter
KOHA link:https://koha.lib.tpu.ru/cgi-bin/koha/opac-detail.pl?biblionumber=646882

MARC

LEADER 00000nla2a2200000 4500
001 646882
005 20240204120803.0
035 |a (RuTPU)RU\TPU\network\12019 
035 |a RU\TPU\network\12015 
090 |a 646882 
100 |a 20160318a2016 k y0engy50 ba 
101 0 |a eng 
105 |a y z 100zy 
135 |a drcn ---uucaa 
181 0 |a i  
182 0 |a b 
200 1 |a Russian National Social Security System as the Condition of Pensioners’ Well-Being  |f S. L. Eremina (Eriomina) [et al.] 
203 |a Текст  |c электронный 
300 |a Title screen 
320 |a [References: p. 224-226 (32 tit.)] 
330 |a Pensioners’ well-being depends on many factors. It can be provided with the state, family, and pensioners themselves. It can be tangible and intangible. This research is limited with the following frames: only material well-being, only governmental support, 8 federal districts of the Russian Federation, the exploration period is 6 years: 2006-2011. The evaluation of 6 activities by MinMax Method, including three cash ones and three "non-cash" ones, allowed to prove empirically the hypothesis that social support of pensioners living in various federal districts of the Russian Federation is significantly different. Leveling out of these differences should be a crucial way to perfect/improve pensioners’ social support. 
333 |a Режим доступа: по договору с организацией-держателем ресурса 
461 0 |0 (RuTPU)RU\TPU\network\11959  |t The European Proceedings of Social & Behavioural Sciences (EpSBS) 
463 0 |0 (RuTPU)RU\TPU\network\11960  |t Vol. 7 : Lifelong Wellbeing in the World (WELLSO 2015)  |o II International Scientific Symposium, 18-22 May 2015, Tomsk, Russian Federation  |o [proceedings]  |f National Research Tomsk Polytechnic University (TPU)  |v [P. 215-226]  |d 2016 
610 1 |a электронный ресурс 
610 1 |a труды учёных ТПУ 
610 1 |a благополучие 
610 1 |a пенсионеры 
610 1 |a социальная поддержка 
610 1 |a федеральные округа 
610 1 |a Россия 
610 1 |a национальные системы 
701 1 |a Eremina (Eriomina)  |b S. L.  |c economist  |c professor of Tomsk Polytechnic University  |c Doctor of Economics (DEc)  |f 1955-  |g Sofia Leonidovna  |3 (RuTPU)RU\TPU\pers\30581  |9 14875 
701 0 |a Fu Sun 
701 1 |a Kudelina  |b O. V. 
701 1 |a Babaeva  |b F. G. 
712 0 2 |a Национальный исследовательский Томский политехнический университет (ТПУ)  |b Институт социально-гуманитарных технологий (ИСГТ)  |b Кафедра инженерного предпринимательства (ИП)  |3 (RuTPU)RU\TPU\col\18857 
801 2 |a RU  |b 63413507  |c 20161123  |g RCR 
856 4 |u http://dx.doi.org/10.15405/epsbs.2016.02.30 
856 4 |u http://earchive.tpu.ru/handle/11683/33311 
942 |c CF